[Event "SR 2. liga A 2005/2006"]
[Site "?"]
[Date "2005.11.27"]
[Round "19.2"]
[White "Fabry, Robert"]
[Black "Machalova, Veronika"]
[Result "1/2-1/2"]
[WhiteElo "2198"]
[BlackElo "2211"]
[PlyCount "82"]
[EventDate "2005.??.??"]

1. Nf3 Nf6 2. b3 e6 3. Bb2 c5 4. e3 d5 5. Be2 Be7 6. O-O O-O 7. d3 Nc6 8. Ne5
Nxe5 9. Bxe5 Nd7 10. Bb2 Bf6 11. Bxf6 Qxf6 12. Nd2 b6 13. a4 Bb7 14. Re1 Rfd8
15. Ra2 Rac8 16. Qa1 Qe7 17. Bf3 Ba6 18. Nb1 Qd6 19. Na3 Qb8 20. Qb2 Ne5 21.
Be2 Nc6 22. Raa1 Bb7 23. Nb1 Rc7 24. Nd2 Re7 25. Rad1 e5 26. c3 Rd6 27. b4 cxb4
28. cxb4 Rh6 29. Nf1 Qd6 30. Rb1 Re8 31. Rec1 Rd8 32. Rc2 Ba8 33. Ng3 g6 34. b5
Na5 35. Rbc1 Bb7 36. Nf1 Rh4 37. d4 exd4 38. exd4 Re8 39. Bf3 Rh6 40. g3 g5 41.
Ne3 Rf6 1/2-1/2

[Event "SR 2. liga A 2005/2006"]
[Site "?"]
[Date "2005.11.27"]
[Round "19.3"]
[White "Machalova, Maria"]
[Black "Janos, Jozef"]
[Result "1/2-1/2"]
[WhiteElo "2140"]
[BlackElo "2227"]
[PlyCount "88"]
[EventDate "2005.??.??"]

1. c4 c5 2. Nc3 Nc6 3. g3 g6 4. Bg2 Bg7 5. e3 e5 6. d3 Nge7 7. Nge2 O-O 8. O-O
d6 9. Nd5 Nxd5 10. cxd5 Ne7 11. Rb1 Bf5 12. e4 Bd7 13. b4 b6 14. Be3 h6 15. Qd2
Kh7 16. f4 f6 17. bxc5 dxc5 18. h3 Nc8 19. Kh2 Nd6 20. Nc3 Rc8 21. a4 Qe8 22.
a5 Qd8 23. axb6 axb6 24. Rfc1 Ra8 25. Rc2 Qc7 26. Qf2 Rfc8 27. f5 g5 28. Bf3
Be8 29. h4 Kg8 30. Kg2 Rab8 31. hxg5 hxg5 32. Bg4 Bf8 33. Rh1 Qg7 34. Rcc1 b5
35. Bxc5 Rxc5 36. Qxc5 Nxe4 37. Qe3 Nxc3 38. Rxc3 b4 39. Rb3 Qd7 40. Bf3 Bf7
41. Be4 Bxd5 42. Rbb1 Bf7 43. Rhd1 Rd8 44. Ra1 Qb5 1/2-1/2

[Event "SR 2. liga A 2005/2006"]
[Site "?"]
[Date "2005.11.27"]
[Round "19.4"]
[White "Hebelka, Milos"]
[Black "Federic, Pavol"]
[Result "0-1"]
[WhiteElo "2102"]
[BlackElo "2183"]
[PlyCount "70"]
[EventDate "2005.??.??"]

1. e4 e5 2. Nf3 Nc6 3. Bb5 a6 4. Ba4 Nf6 5. O-O Nxe4 6. d4 b5 7. Bb3 d5 8. dxe5
Be6 9. c3 Be7 10. a4 b4 11. a5 O-O 12. Bc2 Bg4 13. Qd3 bxc3 14. bxc3 Bc5 15.
Be3 Bxf3 16. Bxc5 Nxe5 17. Qe3 Nxc5 18. Qxe5 Be4 19. Bxe4 Nxe4 20. c4 c6 21.
Ra3 Re8 22. Qf4 dxc4 23. Re3 Qd5 24. Rfe1 Nf6 25. Qc7 Rxe3 26. fxe3 Re8 27. Qb6
c3 28. Na3 Qd2 29. Qb1 Ng4 30. Nc4 Qf2+ 31. Kh1 h6 32. Qc1 c2 33. h3 Rd8 34.
Na3 Rd2 35. Rg1 Qg3 0-1

[Event "SR 2. liga A 2005/2006"]
[Site "?"]
[Date "2005.11.27"]
[Round "19.5"]
[White "Kleman, Miroslav"]
[Black "Mikulas, Dusan"]
[Result "1-0"]
[WhiteElo "2177"]
[BlackElo "2148"]
[PlyCount "71"]
[EventDate "2005.??.??"]

1. Nf3 Nf6 2. c4 d6 3. g3 e5 4. d3 g6 5. Bg2 Bg7 6. Nc3 Nc6 7. Nd5 Nxd5 8. cxd5
Ne7 9. e4 c5 10. O-O Bg4 11. h3 Bxf3 12. Qa4+ Qd7 13. Qxd7+ Kxd7 14. Bxf3 f5
15. Be2 Raf8 16. b4 f4 17. Bg4+ Kc7 18. bxc5 dxc5 19. gxf4 exf4 20. Rb1 b6 21.
a4 h5 22. Be6 g5 23. a5 Be5 24. axb6+ axb6 25. Bb2 Ng6 26. d4 cxd4 27. Rfc1+
Kb7 28. Rc6 Ra8 29. Bf7 Nh4 30. Re6 Nf3+ 31. Kh1 Ra6 32. d6 b5 33. Re7+ Kc6 34.
Rc1+ Kb6 35. Bd5 Ka5 36. Ra1+ 1-0

[Event "SR 2. liga A 2005/2006"]
[Site "?"]
[Date "2005.11.27"]
[Round "19.6"]
[White "Kolman, Richard"]
[Black "Machalova, Erika"]
[Result "0-1"]
[WhiteElo "2096"]
[BlackElo "2062"]
[PlyCount "64"]
[EventDate "2005.??.??"]

1. d4 Nf6 2. Nf3 e6 3. Bg5 h6 4. Bf4 b6 5. e3 Bb7 6. h3 d6 7. c4 Nbd7 8. Nc3
Ne4 9. Bd3 Nxc3 10. bxc3 e5 11. dxe5 Bxf3 12. Qxf3 dxe5 13. Bg3 Bd6 14. Rd1 O-O
15. Be4 Rb8 16. O-O Qe7 17. Rd2 Nc5 18. Bc6 f5 19. Qd5+ Kh8 20. f3 Qf6 21. Rfd1
Qg5 22. Bf2 e4 23. f4 Qe7 24. Qd4 Nd3 25. Rxd3 exd3 26. Qxd3 Rbd8 27. Bd5 Bc5
28. Qe2 Rd6 29. Re1 c6 30. Bf3 Rfd8 31. Qf1 Qf6 32. Rc1 Rd2 0-1

[Event "SR 2. liga A 2005/2006"]
[Site "?"]
[Date "2005.11.27"]
[Round "19.7"]
[White "Varga, David"]
[Black "Hecht, Tomas"]
[Result "1/2-1/2"]
[WhiteElo "2072"]
[BlackElo "1973"]
[PlyCount "85"]
[EventDate "2005.??.??"]

1. c4 e5 2. Nc3 Nf6 3. Nf3 Nc6 4. g3 Bb4 5. Nd5 Nxd5 6. cxd5 Nd4 7. Nxd4 exd4
8. a3 Be7 9. Bg2 Bf6 10. Qc2 O-O 11. O-O d6 12. e4 dxe3 13. dxe3 Bg4 14. Bd2
Rc8 15. Rac1 Qd7 16. Bc3 Bxc3 17. Qxc3 Bh3 18. Bxh3 Qxh3 19. Qa5 Rce8 20. Rxc7
Re5 21. Qd2 Qf5 22. Rd1 h5 23. Qc2 Qf3 24. Qd3 h4 25. e4 Qxe4 26. Qxe4 Rxe4 27.
gxh4 Rg4+ 28. Kh1 Re8 29. h3 Rxh4 30. Rxb7 Re2 31. Kg2 Rf4 32. Rf1 Rd4 33. Kf3
Red2 34. Rxa7 Rxb2 35. Re1 Rb3+ 36. Re3 Rxe3+ 37. Kxe3 Rxd5 38. Ra4 Kf8 39. Rd4
Ra5 40. a4 Ke7 41. Kd2 Rf5 42. f4 Rc5 43. Kd3 1/2-1/2

[Event "SR 2. liga A 2005/2006"]
[Site "?"]
[Date "2005.11.27"]
[Round "19.8"]
[White "Milanov, Jasen"]
[Black "Antol, Ladislav"]
[Result "0-1"]
[WhiteElo "1988"]
[BlackElo "2046"]
[PlyCount "76"]
[EventDate "2005.??.??"]

1. c4 Nf6 2. Nc3 e6 3. e4 Nc6 4. f4 Bb4 5. d3 e5 6. Nge2 O-O 7. a3 Be7 8. g3 d6
9. Bg2 exf4 10. Bxf4 Bg4 11. h3 Bxe2 12. Nxe2 Nh5 13. Be3 Bf6 14. Qd2 Be5 15.
Bf2 g6 16. g4 Ng7 17. g5 Nh5 18. d4 Bh8 19. O-O-O Rb8 20. Bf3 b5 21. e5 Ne7 22.
Bxh5 gxh5 23. Nf4 bxc4 24. Nxh5 dxe5 25. Nf6+ Bxf6 26. gxf6 Ng6 27. Qg5 Qd6 28.
Rd2 c3 29. bxc3 Qxa3+ 30. Kc2 e4 31. Kd1 Rb1+ 32. Ke2 Rxh1 33. Qh6 Qa6+ 34. Ke3
Qxf6 35. d5 Qxc3+ 36. Kxe4 Re8+ 37. Kf5 Qf3+ 38. Kg5 Re5# 0-1

[Event "SR 2. liga A 2005/2006"]
[Site "?"]
[Date "2005.11.27"]
[Round "20.1"]
[White "Bojda, Lubomir"]
[Black "Hrivnak, Martin"]
[Result "1-0"]
[WhiteElo "2133"]
[BlackElo "2177"]
[PlyCount "68"]
[EventDate "2005.??.??"]

1. e4 g6 2. d4 Bg7 3. Nc3 d6 4. Be3 Nf6 5. f3 O-O 6. Qd2 e5 7. Nge2 c6 8. O-O-O
Nbd7 9. g4 exd4 10. Bxd4 c5 11. Be3 Ne5 12. Ng1 Qa5 13. Qxd6 b6 14. Bf4 Ne8 15.
Qd2 Nc7 16. Bh6 Bxh6 17. Qxh6 Be6 18. Qf4 f6 19. g5 Rf7 20. gxf6 Nc4 21. Bxc4
Bxc4 22. Nh3 Ne6 23. Qe5 b5 24. Rd6 b4 25. Rxe6 Bxe6 26. Qxe6 Qb6 27. Qxb6 axb6
28. Nd5 Rxa2 29. Rd1 Ra1+ 30. Kd2 Rxd1+ 31. Kxd1 Ra7 32. Nxb6 Ra1+ 33. Kd2 Kf7
34. e5 Rh1 1-0

[Event "SR 2. liga A 2005/2006"]
[Site "?"]
[Date "2005.11.27"]
[Round "20.2"]
[White "Chovanec, Vladimir"]
[Black "Skreno, Vladimir"]
[Result "0-1"]
[WhiteElo "2111"]
[BlackElo "2192"]
[PlyCount "58"]
[EventDate "2005.??.??"]

1. e4 c5 2. Nf3 Nc6 3. d3 d6 4. g3 g6 5. Bg2 Bg7 6. O-O e6 7. c3 Nge7 8. Be3
O-O 9. d4 cxd4 10. Nxd4 a6 11. a4 Rb8 12. Na3 Qc7 13. Qe2 e5 14. Nxc6 bxc6 15.
Rad1 Be6 16. Rd2 a5 17. f4 f6 18. Qd3 Rfd8 19. c4 Rd7 20. Rc1 Qb7 21. Qc2 Bh6
22. Qd1 Rbd8 23. Rc3 d5 24. Rb3 Qa8 25. cxd5 cxd5 26. Rb6 Bf7 27. Rxf6 Kg7 28.
Rb6 d4 29. Kh1 Qa7 0-1

[Event "SR 2. liga A 2005/2006"]
[Site "?"]
[Date "2005.11.27"]
[Round "20.3"]
[White "Bisco, Igor"]
[Black "Bednar, Jan"]
[Result "1/2-1/2"]
[WhiteElo "2110"]
[BlackElo "2175"]
[PlyCount "59"]
[EventDate "2005.??.??"]

1. e4 e5 2. Nf3 Nc6 3. Bb5 a6 4. Ba4 Nf6 5. O-O Be7 6. Re1 b5 7. Bb3 d6 8. c3
O-O 9. h3 Bb7 10. d4 Re8 11. Nbd2 Bf8 12. a3 h6 13. Bc2 g6 14. Nf1 Bg7 15. Ng3
Qd7 16. Be3 Na5 17. dxe5 dxe5 18. Qxd7 Nxd7 19. Rad1 Rad8 20. Bc1 Nc4 21. Nd2
Nd6 22. Nb3 Bf8 23. Na5 Rb8 24. Nxb7 Rxb7 25. Nf1 Nc5 26. f3 Ne6 27. b3 c6 28.
g3 Rd8 29. Kg2 Rbd7 30. Ne3 1/2-1/2

[Event "SR 2. liga A 2005/2006"]
[Site "?"]
[Date "2005.11.27"]
[Round "20.4"]
[White "Lauf, Pavol"]
[Black "Cvicela, Anton"]
[Result "1/2-1/2"]
[WhiteElo "2116"]
[BlackElo "2177"]
[PlyCount "57"]
[EventDate "2005.??.??"]

1. c4 Nf6 2. Nc3 c6 3. d4 d5 4. Nf3 e6 5. e3 Nbd7 6. Bd3 dxc4 7. Bxc4 b5 8. Be2
Bb7 9. O-O b4 10. Na4 c5 11. dxc5 Bxc5 12. Nxc5 Nxc5 13. Qd4 Qxd4 14. exd4 Nce4
15. Be3 Ke7 16. Bd3 Rhc8 17. Rfc1 a5 18. Ne5 Nd6 19. f3 Nd5 20. Bd2 f6 21. Nc4
Nxc4 22. Bxc4 Nb6 23. Bb5 Bd5 24. b3 Rxc1+ 25. Rxc1 Rc8 26. Rxc8 Nxc8 27. Kf2
Nd6 28. Bd3 Nf5 29. Bxf5 1/2-1/2

[Event "SR 2. liga A 2005/2006"]
[Site "?"]
[Date "2005.11.27"]
[Round "20.5"]
[White "Kisonova, Katarina"]
[Black "Stefan, Oldrich"]
[Result "1-0"]
[WhiteElo "2146"]
[BlackElo "2080"]
[PlyCount "57"]
[EventDate "2005.??.??"]

1. e4 c5 2. f4 d6 3. Nf3 Nc6 4. Bb5 Bd7 5. O-O g6 6. d3 Bg7 7. Nc3 e6 8. Bxc6
bxc6 9. Qe1 Nh6 10. Bd2 O-O 11. Na4 Qe7 12. Bc3 f6 13. e5 fxe5 14. fxe5 Rf5 15.
exd6 Qxd6 16. Bxg7 Kxg7 17. Nc3 Raf8 18. Ne4 Qe7 19. Qg3 Rf4 20. Ne5 Rxf1+ 21.
Rxf1 Rxf1+ 22. Kxf1 Be8 23. Qf2 Nf5 24. c3 Qh4 25. Qxh4 Nxh4 26. Nxc5 Kf6 27.
d4 Nf5 28. Kf2 Ke7 29. Ne4 1-0

[Event "SR 2. liga A 2005/2006"]
[Site "?"]
[Date "2005.11.27"]
[Round "20.6"]
[White "Bury, Rastislav"]
[Black "Lahucky, Pavol"]
[Result "1/2-1/2"]
[WhiteElo "2047"]
[BlackElo "2107"]
[PlyCount "68"]
[EventDate "2005.??.??"]

1. d4 f5 2. g4 d6 3. Bg2 e6 4. Nc3 Be7 5. e4 fxe4 6. Nxe4 Nf6 7. Nxf6+ Bxf6 8.
g5 Be7 9. Be4 g6 10. h4 d5 11. Bd3 Kf7 12. h5 Nc6 13. Qf3+ Kg7 14. hxg6 hxg6
15. Rh6 Rxh6 16. gxh6+ Kh8 17. Bf4 Bf6 18. Bxc7 Nxd4 19. Bxd8 Nxf3+ 20. Nxf3
Bxd8 21. Ne5 Bf6 22. Nxg6+ Kh7 23. Ke2 Kxh6 24. Rg1 Kg7 25. Ne5+ Kf8 26. f4
Bxe5 27. fxe5 Bd7 28. Ke3 Rc8 29. Kd4 b6 30. Rf1+ Ke7 31. Rf6 Rh8 32. Rf4 Rh3
33. Rg4 Kf7 34. b4 Rh1 1/2-1/2

[Event "SR 2. liga A 2005/2006"]
[Site "?"]
[Date "2005.11.27"]
[Round "20.7"]
[White "Slamena, Michal"]
[Black "Labar, Eduard"]
[Result "1-0"]
[WhiteElo "2063"]
[BlackElo "2061"]
[PlyCount "135"]
[EventDate "2005.??.??"]

1. e4 c6 2. Nc3 d5 3. Nf3 dxe4 4. Nxe4 Bf5 5. Ng3 Bg6 6. h4 h6 7. Ne5 Bh7 8. d4
Nf6 9. Bc4 e6 10. O-O Nd5 11. Qf3 Qe7 12. Ne4 Bxe4 13. Qxe4 Nd7 14. Be2 Nxe5
15. dxe5 O-O-O 16. c4 Nb6 17. a4 Qc7 18. Be3 Nd7 19. Bxa7 Qxe5 20. Qxe5 Nxe5
21. Be3 Be7 22. h5 c5 23. a5 Nc6 24. Bf3 Nb4 25. Rad1 Rxd1 26. Rxd1 Re8 27. Be4
Na6 28. f4 Rd8 29. Re1 Bf6 30. g4 Bd4 31. Kf2 Nb4 32. g5 Kc7 33. Rg1 f5 34.
gxf6 gxf6 35. Rg7+ Rd7 36. Rxd7+ Kxd7 37. Bxb7 Kc7 38. Bxd4 cxd4 39. Be4 e5 40.
fxe5 fxe5 41. Kg3 Na6 42. Kg4 Kd6 43. Kf5 Nb4 44. c5+ Kxc5 45. Kxe5 d3 46. a6
d2 47. Bf3 Nxa6 48. Kf5 Kd6 49. Kg6 Ke7 50. Kxh6 Kf6 51. Kh7 Nc5 52. b4 Ne6 53.
Bd1 Kf7 54. b5 Nf8+ 55. Kh8 Nd7 56. Bb3+ Kf8 57. Kh7 Ke7 58. Kg7 Nc5 59. Bd1
Ne6+ 60. Kg8 Nf4 61. h6 Nd5 62. Bf3 Nf6+ 63. Kg7 Ne8+ 64. Kg6 Nf6 65. b6 Nd7
66. Kg7 Ne5 67. Bd1 Nd7 68. h7 1-0

[Event "SR 2. liga A 2005/2006"]
[Site "?"]
[Date "2005.11.27"]
[Round "20.8"]
[White "Macka, Oto"]
[Black "Peska, Juraj"]
[Result "1/2-1/2"]
[WhiteElo "1956"]
[BlackElo "2020"]
[PlyCount "59"]
[EventDate "2005.??.??"]

1. Nf3 Nf6 2. g3 e6 3. Bg2 d5 4. O-O Be7 5. d3 O-O 6. Nbd2 c5 7. e4 Nc6 8. c3
e5 9. h3 h6 10. Ne1 Be6 11. f4 dxe4 12. dxe4 Qd7 13. Kh2 Bc4 14. Rf2 Rad8 15.
Qa4 Ba6 16. Ndf3 Qd1 17. Qxd1 Rxd1 18. Rd2 Rd8 19. Rxd8+ Bxd8 20. Nc2 exf4 21.
Bxf4 Rxa1 22. Nxa1 Nxe4 23. Ne5 Nxe5 24. Bxe5 Ng5 25. Nb3 Ne6 26. Bd5 Bb6 27.
Bd6 h5 28. Bxe6 fxe6 29. Nxc5 Bxc5 30. Bxc5 1/2-1/2

[Event "SR 2. liga A 2005/2006"]
[Site "?"]
[Date "2005.11.27"]
[Round "21.1"]
[White "Gasa, Andrej"]
[Black "Petrik, Stanislav"]
[Result "1-0"]
[WhiteElo "2212"]
[BlackElo "2246"]
[PlyCount "121"]
[EventDate "2005.??.??"]

1. e4 c5 2. Nf3 Nc6 3. d4 cxd4 4. Nxd4 g6 5. c4 Bg7 6. Be3 Nf6 7. Nc3 Ng4 8.
Qxg4 Nxd4 9. Qd1 Ne6 10. Qd2 b6 11. f3 Bb7 12. Rc1 Bc6 13. Be2 a6 14. O-O O-O
15. Nd5 b5 16. c5 Ra7 17. Rfd1 Rb7 18. f4 f5 19. e5 g5 20. g3 gxf4 21. gxf4 Kh8
22. Kf2 Bh6 23. Bf3 Qe8 24. Qe2 Rg8 25. Rg1 Rxg1 26. Rxg1 b4 27. Qxa6 Rb5 28.
a4 bxa3 29. Qxa3 Qb8 30. Nxe7 Rxb2+ 31. Be2 Ng7 32. Nxc6 dxc6 33. Qd3 Qe8 34.
Rb1 Rxb1 35. Qxb1 Ne6 36. Qxf5 Nc7 37. Bf3 Ne6 38. Bg4 Nf8 39. Bh5 Qd8 40. Qf6+
Qxf6 41. exf6 Ne6 42. Bg4 Nd8 43. Bd4 Kg8 44. Kf3 Kf7 45. Ke4 Bf8 46. Bc8 Ke8
47. Kf5 Nf7 48. h3 Nd8 49. h4 Nf7 50. h5 Nd8 51. Ba6 Kd7 52. Bc4 Nb7 53. Bg8 h6
54. Kg6 Ke8 55. Ba2 Kd7 56. Bb3 Ke8 57. f5 Nd8 58. Be6 Nb7 59. f7+ Kd8 60. Bf6+
Kc7 61. Bg7 1-0

[Event "SR 2. liga A 2005/2006"]
[Site "?"]
[Date "2005.11.27"]
[Round "21.3"]
[White "Pagerka, Martin"]
[Black "Krajnak, Robert"]
[Result "0-1"]
[WhiteElo "1858"]
[BlackElo "2089"]
[PlyCount "72"]
[EventDate "2005.??.??"]

1. e4 c5 2. Nf3 e6 3. c4 Nc6 4. Nc3 Nf6 5. Be2 d5 6. exd5 exd5 7. d4 dxc4 8. d5
Na5 9. Bf4 Nh5 10. Bg5 Be7 11. Bxe7 Kxe7 12. Ne5 Nf6 13. d6+ Kf8 14. Nb5 Bd7
15. Nc7 Rc8 16. Bh5 g6 17. Qd2 Nc6 18. Qh6+ Kg8 19. Bxg6 Nxe5 20. Bc2 Ne8 21.
Nd5 Ng6 22. Bxg6 hxg6 23. Qf4 Qa5+ 24. Ke2 c3 25. Ne7+ Kg7 26. Nxc8 cxb2 27.
Qe5+ Nf6 28. Qxb2 Bxc8 29. Rac1 Qa6+ 30. Kd1 Qxd6+ 31. Qd2 Qc7 32. Qe3 Rd8+ 33.
Kc2 Qa5 34. Rhd1 Qxa2+ 35. Kc3 Qa3+ 36. Kc2 Bf5+ 0-1

[Event "SR 2. liga A 2005/2006"]
[Site "?"]
[Date "2005.11.27"]
[Round "21.4"]
[White "Farkas, Vladimir"]
[Black "Diviak, Rudolf"]
[Result "1/2-1/2"]
[WhiteElo "2061"]
[BlackElo "1959"]
[PlyCount "66"]
[EventDate "2005.??.??"]

1. Nf3 Nf6 2. d3 d6 3. e4 g6 4. Bd2 Bg7 5. g3 c6 6. Nc3 Qc7 7. Bg2 b5 8. O-O
O-O 9. Qc1 Re8 10. Ne1 e5 11. f4 Nbd7 12. f5 Bb7 13. a3 Ng4 14. h3 Ngf6 15. g4
Nb6 16. Bg5 Nbd7 17. Rf2 a6 18. Nf3 d5 19. Qd2 dxe4 20. dxe4 c5 21. fxg6 fxg6
22. Bxf6 Nxf6 23. Qe2 Rad8 24. Raf1 b4 25. Qc4+ Qf7 26. Qxf7+ Kxf7 27. axb4
cxb4 28. Na2 a5 29. c3 Ba6 30. Re1 bxc3 31. Nxc3 Rd6 32. Bf1 Bxf1 33. Rfxf1 Rf8
1/2-1/2

[Event "SR 2. liga A 2005/2006"]
[Site "?"]
[Date "2005.11.27"]
[Round "21.5"]
[White "Pericka, Tomas"]
[Black "Raczko, Peter"]
[Result "1/2-1/2"]
[WhiteElo "1945"]
[BlackElo "2041"]
[PlyCount "104"]
[EventDate "2005.??.??"]

1. e4 d6 2. d4 Nf6 3. Nc3 g6 4. Be3 c6 5. f3 Qa5 6. Qd2 Nbd7 7. Bd3 b5 8. Nge2
Bg7 9. h3 Bb7 10. f4 Nb6 11. O-O Nc4 12. Bxc4 bxc4 13. b4 Qc7 14. a4 a6 15.
Rab1 Rd8 16. e5 Nd7 17. Qe1 c5 18. bxc5 dxc5 19. dxc5 Nxc5 20. Qf2 Nd7 21. Nd4
O-O 22. e6 Bxd4 23. Bxd4 fxe6 24. Qe3 Qc6 25. Rf2 Rf7 26. Re1 e5 27. Bxe5 Nxe5
28. Qxe5 Rdf8 29. Ne4 h6 30. Ree2 Rd8 31. Qc5 Qxa4 32. f5 Bxe4 33. Rxe4 g5 34.
Rxe7 Qa1+ 35. Rf1 Qd4+ 36. Qxd4 Rxd4 37. Re6 Rd2 38. Rxa6 Kg7 39. Ra2 Rd5 40.
Ra4 Rc7 41. g4 c3 42. Ra3 Rd2 43. Rf2 h5 44. Ra6 hxg4 45. hxg4 Rcd7 46. Rg6+
Kf7 47. Rxg5 Rxf2 48. Kxf2 Rd2+ 49. Ke1 Rxc2 50. Kd1 Rd2+ 51. Kc1 Kf6 52. Rg6+
Kf7 1/2-1/2

[Event "SR 2. liga A 2005/2006"]
[Site "?"]
[Date "2005.11.27"]
[Round "21.6"]
[White "Deak, Gabriel"]
[Black "Diviak, Rastislav"]
[Result "1-0"]
[WhiteElo "2038"]
[BlackElo "1945"]
[PlyCount "113"]
[EventDate "2005.??.??"]

1. d4 Nf6 2. Nf3 g6 3. c4 Bg7 4. Nc3 d6 5. e4 O-O 6. Be2 e5 7. d5 a5 8. Bg5 Na6
9. Nd2 Nc5 10. Qc2 Bd7 11. O-O Qe8 12. b3 h6 13. Be3 Na6 14. a3 Ng4 15. Bxg4
Bxg4 16. Rab1 f5 17. f3 Bh5 18. b4 f4 19. Bf2 axb4 20. axb4 b6 21. Nb5 Qd7 22.
Qd3 g5 23. Rfc1 g4 24. c5 bxc5 25. bxc5 Rf6 26. c6 Qf7 27. Ra1 Rg6 28. fxg4
Bxg4 29. Nc3 Bc8 30. Kh1 Bf6 31. Qf1 Kh7 32. Nb5 Rg8 33. Nc4 Be7 34. Na7 Qg6
35. Nxc8 Rgxc8 36. Nd2 Rg8 37. Rcb1 Qg4 38. Bg1 Nc5 39. Bxc5 dxc5 40. Qf3 Qg6
41. Nc4 Bd6 42. Rxa8 Rxa8 43. h3 Ra2 44. Nxd6 Qxd6 45. Qg4 Ra8 46. Rb7 Rd8 47.
Qe6 Qxe6 48. dxe6 Kg6 49. Rxc7 Re8 50. e7 Kf7 51. Rd7 Ke6 52. Rd5 Rxe7 53. Rxc5
Rc7 54. Kg1 Kd6 55. Rd5+ Kxc6 56. Rxe5 Kd6 57. Rf5 1-0

[Event "SR 2. liga A 2005/2006"]
[Site "?"]
[Date "2005.11.27"]
[Round "21.7"]
[White "Skapik, Branislav"]
[Black "Vinarcik, Jan"]
[Result "1/2-1/2"]
[WhiteElo "1797"]
[BlackElo "2046"]
[PlyCount "94"]
[EventDate "2005.??.??"]

1. e4 e5 2. Nf3 Nc6 3. Bb5 a6 4. Ba4 d6 5. O-O Bd7 6. c3 g6 7. d4 Bg7 8. d5
Nce7 9. Bxd7+ Qxd7 10. Nbd2 f6 11. h3 g5 12. Nh2 h5 13. Re1 Ng6 14. Ndf1 Qf7
15. Ng3 Nf4 16. Nf5 Ne7 17. Bxf4 exf4 18. g3 Ng6 19. Nd4 Qd7 20. Ne6 Nf8 21.
Nxf8 Bxf8 22. Kg2 O-O-O 23. g4 Bg7 24. gxh5 Qf7 25. Qg4+ Kb8 26. Nf3 Rxh5 27.
Nd4 Rh4 28. Qf5 Rdh8 29. Rh1 f3+ 30. Qxf3 Rf4 31. Qe2 Qg6 32. Ne6 Rxe4 33. Qd1
g4 34. h4 Bh6 35. Qd3 f5 36. Rae1 Rxe1 37. Rxe1 Qf6 38. Qd4 Qxd4 39. Nxd4 Rf8
40. Kg3 Rf7 41. h5 Bg7 42. Re8+ Ka7 43. Ne6 Be5+ 44. Kh4 Bf6+ 45. Kg3 Be5+ 46.
Kh4 Bf6+ 47. Kg3 Be5+ 1/2-1/2

[Event "SR 2. liga A 2005/2006"]
[Site "?"]
[Date "2005.11.27"]
[Round "21.8"]
[White "Jelenciak, Jozef"]
[Black "Wurschner, Miroslav"]
[Result "0-1"]
[WhiteElo "1944"]
[BlackElo "1789"]
[PlyCount "96"]
[EventDate "2005.??.??"]

1. e4 c5 2. Nc3 d6 3. g3 Nf6 4. Bg2 Nc6 5. d3 e6 6. f4 Be7 7. Nf3 O-O 8. O-O
Rb8 9. h3 Re8 10. g4 Nd7 11. Ne2 Nf8 12. Be3 f5 13. Ng3 fxg4 14. hxg4 Ng6 15.
g5 e5 16. f5 Nf4 17. Bxf4 exf4 18. Nh5 Bxg5 19. Nxg5 Qxg5 20. Nxf4 Ne5 21. Qh5
Qxh5 22. Nxh5 Kf7 23. Rf4 Rf8 24. Raf1 Bd7 25. Rh4 Kg8 26. Bh3 g6 27. fxg6
Rxf1+ 28. Kxf1 Rf8+ 29. Kg2 Nxg6 30. Bxd7 Nxh4+ 31. Kg3 Ng6 32. Be6+ Kh8 33.
Kg4 Rf2 34. Bb3 Ne5+ 35. Kg3 Rf3+ 36. Kg2 h6 37. Ng3 Rf6 38. Nf5 Kh7 39. a3 b5
40. Bd5 Kg6 41. b4 c4 42. d4 Ng4 43. Kf3 Kg5 44. Bc6 h5 45. Bxb5 d5 46. Bd7
dxe4+ 47. Kxe4 Ra6 48. d5 Nf6+ 0-1

[Event "SR 2. liga A 2005/2006"]
[Site "?"]
[Date "2005.11.27"]
[Round "22.1"]
[White "Ruckschloss, Karol"]
[Black "Dudas, Jan"]
[Result "1-0"]
[WhiteElo "2273"]
[BlackElo "2287"]
[PlyCount "57"]
[EventDate "2005.??.??"]

1. c4 c5 2. Nc3 g6 3. g3 Bg7 4. Bg2 Nc6 5. e4 d6 6. Nge2 e5 7. d3 Be6 8. a3 Qd7
9. Nd5 Nd4 10. Nxd4 cxd4 11. Qb3 h6 12. f4 Bxd5 13. cxd5 Nf6 14. O-O Ng4 15.
Bh3 h5 16. f5 O-O-O 17. Bxg4 hxg4 18. Bg5 Rde8 19. Qd1 f6 20. Bd2 Kb8 21. Qxg4
Bh6 22. Qe2 Bxd2 23. Qxd2 g5 24. Rac1 Rh3 25. Qb4 Reh8 26. Rc2 Qh7 27. Qxd6+
Ka8 28. Rfc1 Rxg3+ 29. Kh1 1-0

[Event "SR 2. liga A 2005/2006"]
[Site "?"]
[Date "2005.11.27"]
[Round "22.2"]
[White "Duriga, Stefan"]
[Black "Provaznik, Michal"]
[Result "0-1"]
[WhiteElo "2263"]
[BlackElo "2164"]
[PlyCount "44"]
[EventDate "2005.??.??"]

1. d4 Nf6 2. c4 e6 3. Nf3 b6 4. g3 Bb7 5. Bg2 Bb4+ 6. Bd2 Bxd2+ 7. Qxd2 O-O 8.
O-O d6 9. Nc3 Nbd7 10. Rfd1 Ne4 11. Nxe4 Bxe4 12. Rac1 Qe7 13. b4 Rad8 14. Qe3
f5 15. c5 Nf6 16. Qb3 Nd5 17. a3 f4 18. cxb6 cxb6 19. Nd2 Bxg2 20. Kxg2 Qg5 21.
Ne4 Qg6 22. Qb1 fxg3 0-1

[Event "SR 2. liga A 2005/2006"]
[Site "?"]
[Date "2005.11.27"]
[Round "22.3"]
[White "Kovarik, Oto"]
[Black "Petrik, Karol"]
[Result "0-1"]
[WhiteElo "2108"]
[BlackElo "2230"]
[PlyCount "84"]
[EventDate "2005.??.??"]

1. e4 d5 2. exd5 Qxd5 3. d4 Nf6 4. c4 Qe4+ 5. Be3 Ng4 6. Nc3 Nxe3 7. Nxe4 Nxd1
8. Rxd1 g6 9. Nf3 Bg7 10. Be2 O-O 11. O-O Rd8 12. Nc3 c6 13. Rfe1 Kf8 14. h3
Bd7 15. Bf1 Be8 16. Re3 Na6 17. a3 Nc7 18. Ne5 b5 19. d5 cxd5 20. cxd5 Rd6 21.
g3 Rad8 22. Bg2 a5 23. Rde1 b4 24. axb4 axb4 25. Na2 Nxd5 26. Bxd5 Rxd5 27.
Nxb4 Rd1 28. Nbd3 Rxe1+ 29. Nxe1 Rd1 30. b3 f6 31. Nc4 Bf7 32. f4 Bh6 33. Kf2
Rc1 34. Nd2 e5 35. Kf3 Bd5+ 36. Ke2 exf4 37. gxf4 Kf7 38. Rd3 Be6 39. Rf3 Bf8
40. Rd3 Bb4 41. h4 Bg4+ 42. Kf2 Rd1 0-1

[Event "SR 2. liga A 2005/2006"]
[Site "?"]
[Date "2005.11.27"]
[Round "22.4"]
[White "Petreje, Juraj"]
[Black "Kubis, Ivan"]
[Result "1/2-1/2"]
[WhiteElo "2181"]
[BlackElo "2069"]
[PlyCount "98"]
[EventDate "2005.??.??"]

1. Nf3 Nf6 2. c4 e6 3. g3 Be7 4. Bg2 O-O 5. O-O d5 6. d4 dxc4 7. Nc3 c5 8. dxc5
Nc6 9. Qa4 Qa5 10. Qxc4 Qxc5 11. Qa4 Bd7 12. Be3 Qh5 13. Rad1 Rfd8 14. h3 e5
15. g4 Bxg4 16. hxg4 Nxg4 17. Rxd8+ Rxd8 18. Rd1 f5 19. Rxd8+ Bxd8 20. Qb3+ Qf7
21. Qxf7+ Kxf7 22. Bc5 b6 23. Ba3 e4 24. Nh2 Nge5 25. b3 g5 26. Nf1 Ke6 27. f3
exf3 28. exf3 Nd4 29. Nd2 b5 30. Bc5 Nec6 31. Kf2 Ba5 32. Ndb1 a6 33. Ke3 Nc2+
34. Kd2 N2b4 35. a3 Nd5 36. f4 Nce7 37. Bxe7 Nxf4 38. Bxg5 Nxg2 39. Ke2 Bc7 40.
Nd2 Nf4+ 41. Bxf4 Bxf4 42. Nf3 Bc1 43. a4 bxa4 44. Nxa4 Kd5 45. Kd3 h5 46. Nc3+
Kc5 47. Ne2 Bh6 48. Ng3 f4 49. Nxh5 Kb4 1/2-1/2

[Event "SR 2. liga A 2005/2006"]
[Site "?"]
[Date "2005.11.27"]
[Round "22.5"]
[White "Pribila, Michal"]
[Black "Bronis, Marian"]
[Result "1/2-1/2"]
[WhiteElo "2011"]
[BlackElo "2133"]
[PlyCount "131"]
[EventDate "2005.??.??"]

1. e4 c5 2. Nf3 e6 3. d4 cxd4 4. Nxd4 Nc6 5. Nc3 d6 6. Be3 Nf6 7. g4 Nxd4 8. g5
Nxe4 9. Nxe4 Nf5 10. Bd2 Bd7 11. Bd3 Be7 12. Rg1 Qb6 13. b3 Bb5 14. c4 Bc6 15.
Rg4 O-O-O 16. b4 h5 17. Rg1 Bxe4 18. Bxe4 Qd4 19. Bxf5 exf5 20. Be3 Qc3+ 21.
Bd2 Qe5+ 22. Kf1 Qxh2 23. Qf3 Rd7 24. Bf4 Qh4 25. Rg3 f6 26. g6 d5 27. c5 Bd8
28. b5 Bc7 29. c6 Re7 30. cxb7+ Kb8 31. Bxc7+ Rxc7 32. Qxd5 Qe4 33. Qxe4 fxe4
34. Re1 Rc4 35. Rge3 Rh6 36. Rh3 Kxb7 37. Rd1 Rxg6 38. Rxh5 Rg4 39. Rhd5 Rf4
40. Ke2 Rf3 41. Rd7+ Rc7 42. a4 Rb3 43. R1d5 Ra3 44. Rd4 f5 45. R4d5 g6 46.
R5d6 Rxa4 47. Rxc7+ Kxc7 48. Rxg6 Ra5 49. Rc6+ Kd7 50. Rf6 Rxb5 51. Rf7+ Ke6
52. Rxa7 Ke5 53. Ra2 Rb3 54. Ra5+ Kf4 55. Ra2 Kg4 56. Ra8 Rb1 57. Rg8+ Kf4 58.
Rg3 Rb2+ 59. Ke1 Ke5 60. Ra3 Kf6 61. f3 exf3 62. Rxf3 Kg5 63. Kf1 Kg4 64. Ra3
f4 65. Rc3 f3 66. Rc8 1/2-1/2

[Event "SR 2. liga A 2005/2006"]
[Site "?"]
[Date "2005.11.27"]
[Round "22.6"]
[White "Sukuba, Zdeno"]
[Black "Samko, Karol"]
[Result "1/2-1/2"]
[WhiteElo "2108"]
[BlackElo "2039"]
[PlyCount "21"]
[EventDate "2005.??.??"]

1. Nf3 Nf6 2. c4 c5 3. g3 Nc6 4. Bg2 d6 5. O-O e6 6. Nc3 Be7 7. d3 O-O 8. Rb1
a6 9. a3 d5 10. cxd5 exd5 11. Bf4 1/2-1/2